| 000 | 07386nam a22006257a 4500 | ||
|---|---|---|---|
| 005 | 20090219110959.0 | ||
| 008 | 090219t xxu||||| |||| 00| 0 eng d | ||
| 010 | _aB-342203-234 | ||
| 020 |
_a9788175544178 _c125.00 |
||
| 020 |
_a8175544171 _c125.00 |
||
| 035 | _aB-342203-234 | ||
| 037 | _bViva Books | ||
| 040 |
_adpl _bEnglish |
||
| 082 | _a651.7 | ||
| 100 | _aTierney , Elizabeth | ||
| 245 |
_a101 ways to better communication / _cby Elizabeth Tierney |
||
| 246 | _aOne hundred one ways to better communication | ||
| 260 |
_aNew Delhi _bKogan Page India _c2009 |
||
| 270 |
_a4737/23, Ansari Raod, Daryaganj _bNew Delhi _e110002 |
||
| 300 |
_avi, 90 p. _c22cm.(pbk) |
||
| 942 |
_2ddc _cEN _h651.7 _mTIE |
||
| 999 |
_c24082 _d24082 |
||